000
00246nam a2200097Ia 4500
001
640159
005
20250826153442.0
008
250824s9999 xx 000 0 und d
245
0
_a
24 Zümrüt Perisi Beril
_c
DAISY MEADOWS
260
_b
BEYAZ BALİNA
999
_c
640159
_d
640159